|
|
|
|
| LEADER |
00000nam0a2200000 4500 |
| 001 |
679173 |
| 005 |
20250320122903.0 |
| 090 |
|
|
|a 679173
|
| 100 |
|
|
|a 20250320d1957 m||y0rusy50 ca
|
| 101 |
0 |
|
|a rus
|
| 102 |
|
|
|a RU
|
| 105 |
|
|
|a a z 000ay
|
| 181 |
|
0 |
|a i
|b e
|
| 182 |
|
0 |
|a n
|
| 183 |
|
0 |
|a nc
|2 RDAcarrier
|
| 200 |
1 |
|
|a Слепой музыкант
|e этюд
|f В. Г. Короленко
|
| 203 |
|
|
|a Текст
|b визуальный
|c непосредственный
|
| 205 |
|
|
|a 6-е изд.
|
| 210 |
|
|
|a Москва
|c Художественная литература
|d 1957
|
| 215 |
|
|
|a 139 с.
|c ил.
|
| 283 |
|
|
|a volume
|2 RDAcarrier
|
| 610 |
1 |
|
|a художественная литература
|
| 610 |
1 |
|
|a русская литература
|
| 610 |
1 |
|
|a этюды
|
| 675 |
|
|
|a Р1
|v 4
|
| 700 |
|
1 |
|a Короленко
|b В. Г.
|c русский писатель
|c публицист
|c почетный академик Петерб. АН
|f 1853-1921
|g Владимир Галактионович
|9 579
|
| 801 |
|
0 |
|a RU
|b 63413507
|c 20250320
|
| 830 |
|
|
|a ретро2025ХФ
|
| 850 |
|
|
|a 63413507
|
| 942 |
|
|
|c BK
|